01123nam a2200301Ia 4500001001200000003000800012006001900020007001500039008004100054010001700095020001500112040002100127035002100148050002300169100003100192245005900223260004800282300001700330504005300347533015200400650004100552650001600593650002300609655002900632710001700661856012600678999001700804ebr10087176CaPaEBRm u cr cn|||||||||960327s1996 nyu sb 001 0 eng d z 94036970  z0195083121 aCaPaEBRcCaPaEBR a(OCoLC)19193474314aBM610b.G66 1996eb1 aGoodman, Lenn Evan,d1944-10aGod of Abrahamh[electronic resource] /cL.E. Goodman. aNew York :bOxford University Press,c1996. axvii, 364 p. aIncludes bibliographical references and indexes. aElectronic reproduction.bPalo Alto, Calif. :cebrary,d2011.nAvailable via World Wide Web.nAccess may be limited to ebrary affiliated libraries. 0aGod (Judaism)xHistory of doctrines. 0aMonotheism. 0aJewish philosophy. 7aElectronic books.2local2 aebrary, Inc.40uhttp://site.ebrary.com/lib/rucke/Doc?id=10087176zAn electronic book accessible through the World Wide Web; click to view c69386d69386